| 000 | 00680nmc a2200289 a 4500 | ||
|---|---|---|---|
| 003 | AR-BaBNM | ||
| 005 | 20251128205345.0 | ||
| 008 | 187019s1996 ||||||||||||||000 | spa|| | ||
| 020 | _a84-7522-092-5 | ||
| 040 | _cAR-BaBNM | ||
| 100 | 1 | _aValery, Paul | |
| 245 | 1 | 0 | _aPoesías |
| 250 | _a4ª ed. | ||
| 260 |
_aMadrid _bVisor _c1996 |
||
| 300 | 0 | _a74 p. | |
| 490 | 0 |
_aVisor de poesía _vv. 38 |
|
| 650 | 4 | _aLITERATURA FRANCESA | |
| 650 | 4 | _aPOESIA | |
| 650 | 4 | _aCLASICISMO | |
| 650 | 4 | _aANTOLOGIAS | |
| 653 | 0 | _aSIMBOLISMO | |
| 653 | 0 | _aPARNASIANISMO | |
| 655 | _aLITERATURA | ||
| 700 | 1 |
_aR. de Dampierre, Carlos _ecompilador |
|
| 942 | _cBK | ||
| 998 | _cMARTIN | ||
| 999 |
_c11077 _d11077 |
||